ბათუმის შოთა რუსთაველის სახელმწიფო უნივერსიტეტის ბიბლიოთეკა

Монеты античных городов Северо-западного Причерноморья (ბიბ.ჩანაწერი № 61110)

000 -LEADER
fixed length control field 00804nam a22001697a 4500
005 - DATE AND TIME OF LATEST TRANSACTION
control field 20231220113833.0
008 - FIXED-LENGTH DATA ELEMENTS--GENERAL INFORMATION
fixed length control field 231220s1989 ru ||||| |||| 00| 0 rus d
020 ## - INTERNATIONAL STANDARD BOOK NUMBER
International Standard Book Number 5120006736
041 ## - LANGUAGE CODE
Language code of text/sound track or separate title rus
080 ## - UNIVERSAL DECIMAL CLASSIFICATION NUMBER
Universal Decimal Classification number 737.1(37+38) A-69
100 ## - MAIN ENTRY--PERSONAL NAME
Personal name Анохин, В.А.
9 (RLIN) 20598
245 ## - TITLE STATEMENT
Title Монеты античных городов Северо-западного Причерноморья
Statement of responsibility, etc. В.А. Анохин; Акад. наук Укр. ССР, Ин-т археологии.
264 ## - PRODUCTION, PUBLICATION, DISTRIBUTION, MANUFACTURE, AND COPYRIGHT NOTICE
Place of production, publication, distribution, manufacture Киев :
Name of producer, publisher, distributor, manufacturer Наукова думка,
Date of production, publication, distribution, manufacture, or copyright notice 1989.
300 ## - PHYSICAL DESCRIPTION
Extent 127 c.:
Other physical details ил.;
Dimensions 22 cm.
653 ## - INDEX TERM--UNCONTROLLED
keyword ჩრდილო-დასავლეთ შავი ზღვის რეგიონის უძველესი ქალაქების მონეტები
942 ## - ADDED ENTRY ELEMENTS (KOHA)
Source of classification or shelving scheme
Koha item type წიგნი
ეგზემპლარები
Withdrawn status Lost status Source of classification or shelving scheme Damaged status Not for loan Permanent Location Current Location Shelving location Date acquired Cost, normal purchase price Full call number Barcode Date last seen Copy number Uniform Resource Identifier Price effective from Koha item type Public note
          ბათუმის შოთა რუსთაველის სახელმწიფო უნივერსიტეტის მთავარი ბიბლიოთეკა ბათუმის შოთა რუსთაველის სახელმწიფო უნივერსიტეტის მთავარი ბიბლიოთეკა წიგნსაცავი 2023-12-20 5.00 737.1(37+38) A-69 65620 2023-12-20 65620 ბსუ-ს საპატიო დოქტორის გურამ ლორთქიფანიძის საჩუქარი 2023-12-20 წიგნი 5 ლ.